| 000 | 00540nmm a2200169Ia 4500 | ||
|---|---|---|---|
| 008 | 251105s9999||||xx |||||||||||||||||und|| | ||
| 020 | _a9789681663209 | ||
| 041 | _aspa | ||
| 100 | _aMontes, Graciela | ||
| 245 | 0 | _aEl corral de la infancia | |
| 264 |
_a[México D.C., Mexico] : _bFondo de Cultura Económica, _c[Fecha de publicación no identificada] |
||
| 300 | _a147 páginas | ||
| 490 | _aEspacios para la Lectura | ||
| 650 | _aLatin American literature | ||
| 856 | _uhttps://public.digitaliapublishing.com/a/120239 | ||
| 942 | _cCF | ||
| 999 |
_c96915 _d96915 |
||